Vista normal
Vista MARC
Entrada Topical Term
Número de registros utilizados en: 1
001 - CONTROL NUMBER
- control field: 41485
003 - CONTROL NUMBER IDENTIFIER
- control field: OSt
005 - DATE AND TIME OF LATEST TRANSACTION
- control field: 20211110152225.0
008 - FIXED-LENGTH DATA ELEMENTS
- fixed length control field: 211110|| aca||aabn | a|a d
040 ## - CATALOGING SOURCE
- Original cataloging agency: OSt
- Transcribing agency: OSt
150 ## - HEADING--TOPICAL TERM
- Topical term or geographic name entry element: Café y frutas
- Form subdivision: Congreso
670 ## - SOURCE DATA FOUND
- Source citation: Work cat.: (OSt)12525: Congreso Internacional de Alta Gerencia (10-12 de junio de 1987: Bogotá) 41484, La efectividad de los nuevos modelos económicos y sus implicaciones gerenciales /, 1987.